000 01633nam a2200493 i 4500
001 29800
003 KOSZ 005
005 20200709130156.0
008 970510s1993 pl a f |000 0 pol
015 _aUWD 1993/3172
020 _a8320413125
035 _a991000898299705066
035 _a(PL-WaBN)b10277493-48omnis_nlop
035 _ab10277493
035 _a(OCoLC)830055603
035 _a(PL)b0000001027749
035 _a(EXLNZ-48OMNIS_NETWORK)9910376222205606
040 _aWA N
_cWA N
_dKOSZ 005/EG
080 _a66.01/.09
080 _a54
080 _a(03)
245 0 0 _aEncyklopedia techniki :
_bchemia /
_cred. nauk. t. Ewa Czarnecka-Żołek [et al. ; aut. Jerzy Aerts et al.].
250 _aWyd. 4 przer. i rozsz.
260 _aWarszawa :
_bWydawnictwa Naukowo-Techniczne,
_c1993.
300 _a[8], 903, [1] s. :
_bfot., rys., wykr. ;
_c25 cm.
336 _aTekst
_btxt
_2rdacontent
337 _aBez urządzenia pośredniczącego
_bn
_2rdamedia
338 _aWolumin
_bnc
_2rdacarrier
380 _aKsiążki
380 _aPublikacje informacyjne
388 _a1901-2000
388 _a1989-2000
504 _aBibliogr. s. 878-882.
650 7 _aChemia
_2DBN
650 7 _aTechnologia chemiczna
_2DBN
655 7 _aEncyklopedia
_2DBN
658 _aChemia
700 1 _aAerts, Jerzy
_eAutor
700 1 _aCzarnecka-Żołek, Ewa
_eRedakcja
710 2 _aWydawnictwa Naukowo-Techniczne
_4pbl
856 _uhttp://koha.tu.koszalin.pl/cgi-bin/koha/opac-detail.pl?biblionumber=29800
_yKatalog online BPK
942 _2UKD
_cKS
999 _c29800
_d29800